| 000 | 01354nam a2200313 i 4500 | ||
|---|---|---|---|
| 001 | bg | ||
| 245 | 0 | 0 |
_aAgrobiznes - problemy negocjacji z Unią Europejską / _cred. nauk. Piotr Jaworowski, Czesław Sobków, Marek Zarębski ; Uniwersytet Mikołaja Kopernika. Wydział Nauk Ekonomicznych i Zarządzania. Katedra Marketingu i Zarządzania Agrobiznesem. |
| 260 |
_aToruń : _bWydaw. Adam Marszałek, _ccop. 2001. |
||
| 300 |
_a182 s. : _bil. ; _c24 cm. |
||
| 500 | _aTekst częśc. czes., ang. Streszcz. ang., pol. przy ref. | ||
| 504 | _aBibliogr. przy ref. | ||
| 610 | 2 | 9 |
_aUnia Europejska _xa Polska _xrolnictwo |
| 650 | 9 |
_aGospodarka żywnościowa _zPolska _yod 1989 r. |
|
| 650 | 9 |
_aWieś _xgospodarka _zPolska _yod 1989 r. |
|
| 651 | 9 |
_aPolska _xa Unia Europejska _xrolnictwo |
|
| 655 | _aMateriały konferencyjne | ||
| 700 | 1 |
_aJAWOROWSKI, Piotr _d(1931- ). _eRed. |
|
| 700 | 1 |
_aSOBKÓW, Czesław. _eRed. |
|
| 700 | 1 |
_aZARĘBSKI, Marek. _eRed. |
|
| 710 | 0 |
_aUniwersytet Mikołaja Kopernika (Toruń) _bKatedra Marketingu i Zarządzania Agrobiznesem |
|
| 020 | _a8371746385 | ||
| 040 | _cBPK | ||
| 041 | 0 |
_apolczeeng _bengpol |
|
| 080 | _a338.439(4-67:438)"1989/..." | ||
| 920 | _a83-7174-638-5 | ||
| 942 | _cKS | ||
| 008 | s pl f |000 0 pol | ||
| 999 |
_c44634 _d44634 |
||
| 856 |
_uhttp://koha.tu.koszalin.pl/cgi-bin/koha/opac-detail.pl?biblionumber=44634 _yKatalog online BPK |
||